Biggest exporting partners-Macau - Statistics

General Stats
  • This quiz has been taken 57 times
  • The average score is 13 of 15
Answer Stats
Value Country % Correct
2.5 million United States of America
100%
208.1 million China
98%
58.9 million Japan
96%
1.2 million South Korea
94%
619.493 thousand France
91%
411.382 thousand Germany
89%
4.8 million Singapore
89%
452.520 thousand Australia
87%
8.9 million Taiwan
87%
745.382 thousand Thailand
87%
2.3 million Malaysia
85%
3 million Vietnam
85%
961.5 million Hong Kong
80%
1.3 million the Philippines
76%
474.299 thousand Solomon Islands
7%
No matching quizzes found
Score Distribution
Percent of People with Each Score
Percentile by Number Answered
Your Score History
You have not taken this quiz